00261nam a2200109Ia 4500003000400000008004100004100001900045245004400064260002700108300000800135650000800143OSt191201s2007 xx 000 0 und d aTAYEB, Monir H 0aInternational Human Resource Management aN. DelhibOxfordc2007 a242 aMBA